Hovorme spolu po slovensky Slovenčina ako cudzí jazyk Cvičebnica B1 /

Guardado en:
Detalles Bibliográficos
Autor principal: Bortlíková Alica (Autor)
Formato: Libro
Lenguaje:eslovaco
Publicado: Bratislava Univerzita Komenského v Bratiskave 2021
Edición:3. vyd.
Materias:
Etiquetas: Agregar Etiqueta
Sin Etiquetas, Sea el primero en etiquetar este registro!

MARC

LEADER 00000nam a22000003a 4500
001 0097761
003 SK-STU
005 20221018103053.6
007 ta
008 221018s ----xo-----e------000-0-----d
020 |a 978-80-223-5215-4 
040 |a STU  |b slo 
041 0 |a slo 
100 1 |a Bortlíková Alica  |4 aut 
245 1 0 |a Hovorme spolu po slovensky  |b Slovenčina ako cudzí jazyk Cvičebnica B1 /  |c zost. Bortlíková Alica 
250 |a 3. vyd. 
260 |a Bratislava  |b Univerzita Komenského v Bratiskave  |c 2021 
300 |a 96 s. 
650 0 7 |a slovenčina ako cudzí jazyk 
996 |b 284J047043  |c J* 119266  |l JJSK  |s A  |a 24  |w 0097761_0001